000
00291cam a2200109ua 4500
082
_a
824
_b
PEA/EN
100
_a
Peacock, William .
_9
1821
245
_a
English Prose Vol - I /
260
_a
London :
_b
Geoffrey Cambridge Oxford Universities Press ,
_c
1921.
300
_a
590 ; .
942
_c
BK
999
_c
12527
_d
12527